Les 50 Pays les plus grands en Superficie - Statistiques

Statistiques générales
  • Ce quiz a été pris 323 fois
  • Le résultat moyen est 44 sur 50
Réponses sur la Carte
Les réponses sont colorées sur une échelle allant du rouge au vert en fonction du pourcentage des utilisateurs qui les ont devinées à leur premier essai. Vous pouvez retrouver ces pourcentages ci-dessous.
 
Statistiques - réponses
Réponse % Correct
Russie
100%
Australie
99%
Brésil
99%
Canada
99%
Chine
99%
Etats-Unis
99%
Inde
99%
Mexique
99%
Algérie
98%
Argentine
97%
France
97%
Mongolie
95%
Afrique du Sud
94%
Danemark
94%
Egypte
94%
Pérou
94%
République Démocratique du Congo
94%
Turquie
94%
Ukraine
94%
Colombie
93%
Arabie Saoudite
91%
Chili
91%
Kazakhstan
91%
Iran
90%
Libye
89%
Soudan
89%
Soudan du Sud
89%
Bolivie
88%
Indonésie
88%
Pakistan
87%
Niger
86%
Mali
85%
Venezuela
85%
Ethiopie
83%
Nigeria
83%
Afghanistan
82%
Somalie
82%
Madagascar
81%
Mauritanie
81%
Tchad
79%
Angola
78%
Namibie
78%
Tanzanie
78%
Zambie
77%
Kenya
75%
Mozambique
73%
Yémen
70%
Birmanie
69%
Botswana
69%
République Centrafricaine
67%
Aucun quiz correspondant
Distribution des résultats
% des personnes avec chaque résultat
Percentile par nombre de réponses
Votre historique - résultats
Vous n’avez pas pris ce quiz